Sociologie du genre (notice n° 1568668)

détails MARC
000 -LEADER
fixed length control field 01469cam a2200133 4500500
005 - DATE AND TIME OF LATEST TRANSACTION
control field 20251214005111.0
041 ## - LANGUAGE CODE
Language code of text/sound track or separate title fre
042 ## - AUTHENTICATION CODE
Authentication code dc
100 10 - MAIN ENTRY--PERSONAL NAME
Personal name Clair, Isabelle
Relator term author
245 00 - TITLE STATEMENT
Title Sociologie du genre
260 ## - PUBLICATION, DISTRIBUTION, ETC.
Name of publisher, distributor, etc. Armand Colin,<br/>
Date of publication, distribution, etc. 2023.<br/>
520 ## - SUMMARY, ETC.
Summary, etc. Traduit de l’anglo-américain, le concept de genre s’est progressivement imposé en France au cours des quinze dernières années. Il recouvre désormais un corpus incluant d’autres concepts qui l’ont précédé, tels que « rapports sociaux de sexe » ou « domination masculine ». L’objectif de ce manuel est de mieux cerner la polysémie du genre et d’introduire aux recherches prolifiques qui sont rassemblées sous sa bannière.Tous les travaux de la sociologie du genre ont en commun une problématique : la construction sociale de la différence hiérarchisée des sexes et/ou des sexualités ; une histoire, commencée dans les années 1970, ancrée dans une critique féministe de la sociologie de l’époque qui voyait dans la classe sociale le seul clivage pertinent pour analyser les relations sociales ; une ambition : faire la preuve, enquête après enquête, de la transversalité des rapports de sexe et de sexualité dans le monde social, et convaincre de la nécessité de leur prise en compte dans l’élaboration de n’importe quel objet sociologique.
856 41 - ELECTRONIC LOCATION AND ACCESS
Uniform Resource Identifier <a href="https://shs.cairn.info/sociologie-du-genre--9782200629373?lang=fr&redirect-ssocas=7080">https://shs.cairn.info/sociologie-du-genre--9782200629373?lang=fr&redirect-ssocas=7080</a>

Pas d'exemplaire disponible.

PLUDOC

PLUDOC est la plateforme unique et centralisée de gestion des bibliothèques physiques et numériques de Guinée administré par le CEDUST. Elle est la plus grande base de données de ressources documentaires pour les Étudiants, Enseignants chercheurs et Chercheurs de Guinée.

Adresse

627 919 101/664 919 101

25 boulevard du commerce
Kaloum, Conakry, Guinée

Réseaux sociaux

Powered by Netsen Group @ 2025